000
00331nam a2200145Ia 4500
005
20251222154330.0
008
251222s9999||||xx |||||||||||||| ||spa||
020
_a
8481304417
082
_a
800/T69
100
_a
Tomeo, Javier
245
0
_a
El Crimen del Cine Oriente
250
_a
1ra.ed.
264
_b
Bibliotex
942
_c
LIB
999
_c
34099
_d
34099